| 000 | 00340nam a22001337a 4500 | ||
|---|---|---|---|
| 008 | 171201b xxu||||| |||| 00| 0 eng d | ||
| 020 | _a673669001 | ||
| 041 | _aeng | ||
| 080 | _a32 | ||
| 100 | _a18 | ||
| 101 | _aSHP | ||
| 245 |
_aPERSPECTIVES ON DEVELOPMENT AND POPULATION GROWTH IN THE THIRD POPULATION _cSIMMONS, O.G |
||
| 942 |
_2udc _cBK |
||
| 999 |
_c38710 _d38710 |
||